[Event "1.a HSL 19"]
[Site "Mali Losinj"]
[Date "2019.09.28"]
[Round "1.11"]
[White "Fedorchuk, Sergey A."]
[Black "Inarkiev, Ernesto"]
[Result "1/2-1/2"]
[WhiteElo "2621"]
[BlackElo "2693"]
[PlyCount "88"]
[EventDate "2019.??.??"]
[WhiteTeam "Hašk Mladost Zagreb"]
[BlackTeam "Šk Petar Sedlar Pepe Kaštel Novi"]

1. e4 e5 2. Nf3 Nc6 3. Bb5 a6 4. Ba4 Nf6 5. O-O Nxe4 6. d4 b5 7. Bb3 d5 8. dxe5
Be6 9. c3 Be7 10. Be3 O-O 11. Nbd2 Bg4 12. Nxe4 dxe4 13. Qd5 Qxd5 14. Bxd5 exf3
15. Bxc6 fxg2 16. Rfc1 Rab8 17. a4 b4 18. cxb4 Rxb4 19. Bxg2 c5 20. Bxc5 Bxc5
21. Rxc5 Rxb2 22. h3 Be2 23. Bd5 g5 24. Ra2 Rxa2 25. Bxa2 Re8 26. e6 fxe6 27.
Rxg5+ Kf7 28. Rf5+ Kg7 29. Re5 Bd3 30. Rxe6 Rd8 31. Kg2 Rd4 32. Bb3 Rb4 33. Bd1
Rd4 34. Bb3 Rb4 35. Bd1 Rd4 36. Kg3 Bf5 37. Re1 Kf6 38. Bg4 Rxa4 39. Bxf5 Kxf5
40. Re8 h5 41. Rf8+ Ke6 42. f4 Ra5 43. Rh8 Kf7 44. Rh6 Kg7 1/2-1/2

[Event "1.a HSL 19"]
[Site "Mali Losinj"]
[Date "2019.09.28"]
[Round "1.12"]
[White "Dreev, Aleksey"]
[Black "Livaic, Leon"]
[Result "1-0"]
[WhiteElo "2661"]
[BlackElo "2493"]
[PlyCount "73"]
[EventDate "2019.??.??"]
[WhiteTeam "Šk Petar Sedlar Pepe Kaštel Novi"]
[BlackTeam "Hašk Mladost Zagreb"]

1. d4 Nf6 2. Nf3 d5 3. c4 e6 4. Bg5 Be7 5. Nbd2 b6 6. Qa4+ c6 7. cxd5 exd5 8.
e3 O-O 9. Bd3 Bb7 10. O-O Nbd7 11. Ne5 Qc7 12. f4 Rfd8 13. Ndf3 c5 14. Bxf6
Bxf6 15. Qc2 g6 16. h4 Rac8 17. Qf2 c4 18. Bc2 c3 19. bxc3 Qxc3 20. Bb3 Bg7 21.
h5 Nf6 22. Ng5 Rf8 23. hxg6 hxg6 24. Rfe1 Bh6 25. Qh4 Bxg5 26. fxg5 Nh7 27. Ng4
Rfe8 28. Rf1 Rc7 29. Rae1 Re4 30. Qg3 Kg7 31. Nf6 Nxf6 32. gxf6+ Kg8 33. Re2
Rc8 34. Qh3 Qb4 35. g3 Rxe3 36. Rxe3 Qxd4 37. Qh6 1-0

[Event "1.a HSL 19"]
[Site "Mali Losinj"]
[Date "2019.09.28"]
[Round "1.13"]
[White "Plat, Vojtech"]
[Black "Lalic, Bogdan"]
[Result "1-0"]
[WhiteElo "2576"]
[BlackElo "2418"]
[PlyCount "99"]
[EventDate "2019.??.??"]
[WhiteTeam "Hašk Mladost Zagreb"]
[BlackTeam "Šk Petar Sedlar Pepe Kaštel Novi"]

1. Nf3 Nf6 2. c4 e6 3. Nc3 Bb4 4. Qc2 O-O 5. e4 d6 6. d4 e5 7. dxe5 dxe5 8. Bd2
Nbd7 9. a3 Bc5 10. b4 Bd4 11. Bd3 Re8 12. O-O Bxc3 13. Bxc3 c5 14. Nh4 g6 15.
g3 Nf8 16. f4 exf4 17. Rxf4 Nh5 18. Rf2 Ne6 19. Nf3 Ng5 20. Nxg5 Qxg5 21. Bb2
Bg4 22. Re1 Rad8 23. Bf1 Rd7 24. Qc3 f6 25. h3 Be6 26. g4 Ng7 27. Rxf6 Qd2 28.
Qxd2 Rxd2 29. Rf2 Rd7 30. bxc5 Rc8 31. Bc3 Rxc5 32. Bb4 Rc8 33. c5 Rf7 34. Rd2
h5 35. gxh5 Nxh5 36. Rd6 Nf4 37. Bd2 Re8 38. Kh2 g5 39. Re3 Rh7 40. Rg3 Kf7 41.
c6 bxc6 42. Rxc6 Nxh3 43. Bxh3 g4 44. Rxe6 Rxe6 45. Rxg4 Rd6 46. Bb4 Rdh6 47.
Rg3 Rh4 48. Rf3+ Kg7 49. e5 Re4 50. Kg3 1-0

[Event "1.a HSL 19"]
[Site "Mali Losinj"]
[Date "2019.09.28"]
[Round "1.14"]
[White "Loncar, Robert"]
[Black "Blazeka, Matej"]
[Result "1-0"]
[WhiteElo "2406"]
[BlackElo "2385"]
[PlyCount "79"]
[EventDate "2019.??.??"]
[WhiteTeam "Šk Petar Sedlar Pepe Kaštel Novi"]
[BlackTeam "Hašk Mladost Zagreb"]

1. d4 Nf6 2. c4 e6 3. Nf3 b6 4. a3 Bb7 5. Nc3 d5 6. Bg5 Be7 7. e3 Nbd7 8. cxd5
exd5 9. Qc2 O-O 10. Bd3 c5 11. O-O Ne4 12. Bf4 Ndf6 13. Rfd1 Nxc3 14. Qxc3 c4
15. Bb1 a5 16. a4 b5 17. axb5 Qb6 18. Ne5 Qxb5 19. Qc2 g6 20. Bh6 Rfc8 21. Qe2
Qe8 22. Bc2 a4 23. Qf3 c3 24. bxc3 Rxc3 25. Bd3 Ba6 26. Bf5 Bc8 27. Bxc8 Rcxc8
28. g4 Ne4 29. Qf4 Ra6 30. g5 f6 31. Ng4 Bd6 32. Qf3 fxg5 33. Rdc1 Rxc1+ 34.
Rxc1 a3 35. Kg2 a2 36. Nf6+ Nxf6 37. Qxf6 Ra7 38. Qxd6 a1=Q 39. Qxd5+ Kh8 40.
Qe5+ 1-0

[Event "1.a HSL 19"]
[Site "Mali Losinj"]
[Date "2019.09.28"]
[Round "1.15"]
[White "Rogulj, Branko"]
[Black "Sale, Srdjan"]
[Result "1-0"]
[WhiteElo "2400"]
[BlackElo "2428"]
[PlyCount "87"]
[EventDate "2019.??.??"]
[WhiteTeam "Hašk Mladost Zagreb"]
[BlackTeam "Šk Petar Sedlar Pepe Kaštel Novi"]

1. e4 c5 2. Nc3 e6 3. Nge2 Nf6 4. g3 d5 5. exd5 exd5 6. d4 Bg4 7. Bg2 cxd4 8.
Qxd4 Nc6 9. Qd3 Nb4 10. Qd2 d4 11. Ne4 Rc8 12. c3 dxc3 13. bxc3 Nd3+ 14. Kf1
Nxe4 15. Bxe4 Bh3+ 16. Kg1 Nxc1 17. Qxc1 Bc5 18. Nf4 Bg4 19. Qc2 Rc7 20. Kg2 h6
21. h3 Bc8 22. Rad1 Rd7 23. Bf5 Rd6 24. Rhe1+ Kf8 25. Rxd6 Bxd6 26. Rd1 Qc7 27.
Bxc8 Bxf4 28. Qf5 Bg5 29. Rd7 Qc6+ 30. Kh2 Bf6 31. Bxb7 Qe6 32. Qxe6 fxe6 33.
c4 Be7 34. c5 Kf7 35. c6 Rd8 36. c7 Rxd7 37. c8=Q Rd2 38. Kg2 Rxa2 39. Ba6 Rb2
40. Qc7 Rb6 41. Qxa7 Rd6 42. Bc4 g6 43. h4 h5 44. Qe3 1-0

[Event "1.a HSL 19"]
[Site "Mali Losinj"]
[Date "2019.09.28"]
[Round "1.16"]
[White "Medak, Bojan"]
[Black "Vujakovic, Branko"]
[Result "1/2-1/2"]
[WhiteElo "2351"]
[BlackElo "2325"]
[PlyCount "68"]
[EventDate "2019.??.??"]
[WhiteTeam "Šk Petar Sedlar Pepe Kaštel Novi"]
[BlackTeam "Hašk Mladost Zagreb"]

1. c4 Nf6 2. Nc3 e5 3. Nf3 Nc6 4. e3 Be7 5. d4 exd4 6. Nxd4 O-O 7. Be2 Bb4 8.
O-O Bxc3 9. bxc3 Re8 10. Qc2 d6 11. Nxc6 bxc6 12. Bf3 Bd7 13. c5 d5 14. c4 Qe7
15. cxd5 cxd5 16. c6 Bg4 17. Bb2 Bxf3 18. gxf3 Qe6 19. Kg2 Red8 20. Rfd1 Rab8
21. Bd4 Rb4 22. Qc5 Rc4 23. Qxa7 Ne8 24. Rac1 Qg6+ 25. Kf1 Qxc6 26. Rxc4 Qxc4+
27. Ke1 f6 28. Rb1 Kf7 29. a4 Nd6 30. Rb8 Rxb8 31. Qxb8 Qc1+ 32. Ke2 Qc4+ 33.
Ke1 Qc1+ 34. Ke2 Qc4+ 1/2-1/2

[Event "1.a HSL 19"]
[Site "Mali Losinj"]
[Date "2019.09.28"]
[Round "1.21"]
[White "Georgiev, Kiril"]
[Black "Lysyj, Igor"]
[Result "1/2-1/2"]
[WhiteElo "2581"]
[BlackElo "2596"]
[PlyCount "30"]
[EventDate "2019.??.??"]
[WhiteTeam "Šk Vukovar '91 Vukovar"]
[BlackTeam "Šk Ferit-Osijek Osijek"]

1. d4 Nf6 2. c4 e6 3. Nf3 d5 4. g3 Be7 5. Bg2 O-O 6. O-O dxc4 7. Ne5 Nc6 8.
Bxc6 bxc6 9. Nxc6 Qe8 10. Nxe7+ Qxe7 11. Qc2 c5 12. Rd1 cxd4 13. Rxd4 e5 14.
Rxc4 Be6 15. Rc7 Qd6 1/2-1/2

[Event "1.a HSL 19"]
[Site "Mali Losinj"]
[Date "2019.09.28"]
[Round "1.22"]
[White "Hracek, Zbynek"]
[Black "Shchekachev, Andrei"]
[Result "1/2-1/2"]
[WhiteElo "2572"]
[BlackElo "2526"]
[PlyCount "27"]
[EventDate "2019.??.??"]
[WhiteTeam "Šk Ferit-Osijek Osijek"]
[BlackTeam "Šk Vukovar '91 Vukovar"]

1. e4 c5 2. Nf3 d6 3. d4 cxd4 4. Nxd4 Nf6 5. Nc3 a6 6. h3 e6 7. g4 Be7 8. g5
Nfd7 9. h4 Nc6 10. Be3 O-O 11. f4 Rb8 12. h5 Re8 13. Be2 Nc5 14. Qd2 1/2-1/2

[Event "1.a HSL 19"]
[Site "Mali Losinj"]
[Date "2019.09.28"]
[Round "1.24"]
[White "Zivkovic, Vjekoslav"]
[Black "Zovko, Mario"]
[Result "1/2-1/2"]
[WhiteElo "2362"]
[BlackElo "2324"]
[PlyCount "64"]
[EventDate "2019.??.??"]
[WhiteTeam "Šk Ferit-Osijek Osijek"]
[BlackTeam "Šk Vukovar '91 Vukovar"]

1. e4 e5 2. Nf3 Nc6 3. Bb5 a6 4. Ba4 Nf6 5. O-O Nxe4 6. d4 b5 7. Bb3 d5 8. dxe5
Be6 9. c3 Bc5 10. Nbd2 O-O 11. Bc2 Nxf2 12. Rxf2 Bxf2+ 13. Kxf2 f6 14. exf6
Qxf6 15. Kg1 Rae8 16. Nf1 Ne5 17. Be3 Nxf3+ 18. Qxf3 Qxf3 19. gxf3 Rxf3 20. Bf2
Bh3 21. Ng3 g6 22. Re1 Rxe1+ 23. Bxe1 Rf4 24. Bd1 h5 25. Bd2 Rf8 26. Be2 c6 27.
Nf1 Re8 28. Kf2 Rf8+ 29. Ke1 a5 30. Ne3 Re8 31. Kf2 Rf8+ 32. Ke1 Re8 1/2-1/2

[Event "1.a HSL 19"]
[Site "Mali Losinj"]
[Date "2019.09.28"]
[Round "1.25"]
[White "Sindik, Ervin"]
[Black "Mrkonjic, Nenad"]
[Result "1/2-1/2"]
[WhiteElo "2282"]
[BlackElo "2343"]
[PlyCount "51"]
[EventDate "2019.??.??"]
[WhiteTeam "Šk Vukovar '91 Vukovar"]
[BlackTeam "Šk Ferit-Osijek Osijek"]

1. e4 e5 2. Nf3 Nf6 3. Nxe5 d6 4. Nf3 Nxe4 5. d4 d5 6. Bd3 Be7 7. O-O O-O 8. c4
c6 9. Nc3 Nf6 10. h3 dxc4 11. Bxc4 b5 12. Bb3 b4 13. Na4 Nd5 14. Re1 Nd7 15.
Qd3 Re8 16. Bc2 g6 17. Bh6 a5 18. Qd2 Ba6 19. Ne5 Nxe5 20. dxe5 Nc7 21. Qe3 Ne6
22. Rad1 Qc7 23. Kh1 c5 24. b3 Rad8 25. Nb2 Rxd1 26. Rxd1 1/2-1/2

[Event "1.a HSL 19"]
[Site "Mali Losinj"]
[Date "2019.09.28"]
[Round "1.26"]
[White "Feletar, Darko"]
[Black "Raguz, Darko"]
[Result "1-0"]
[WhiteElo "2356"]
[BlackElo "2087"]
[PlyCount "75"]
[EventDate "2019.??.??"]
[WhiteTeam "Šk Ferit-Osijek Osijek"]
[BlackTeam "Šk Vukovar '91 Vukovar"]

1. d4 d5 2. Nf3 Nf6 3. c4 dxc4 4. Nc3 a6 5. e4 e6 6. Bxc4 b5 7. Bd3 Bb7 8. Qe2
Be7 9. a3 c5 10. dxc5 Bxc5 11. O-O Nc6 12. Bf4 Qb6 13. e5 Nd7 14. Ne4 Be7 15.
Rac1 Rd8 16. Bb1 Nf8 17. Bg3 Ng6 18. h4 h5 19. Nd6+ Bxd6 20. exd6 Nf8 21. Rfd1
Nd7 22. Ng5 Kf8 23. Bg6 Nd4 24. Rxd4 Qxd4 25. Nxf7 Rh6 26. Nxh6 gxh6 27. Qxe6
Qf6 28. Qxf6+ Nxf6 29. Rc7 Rd7 30. Be5 Rxc7 31. dxc7 Nd5 32. Bxh5 Nb6 33. f4
Bc8 34. g4 Nc4 35. g5 hxg5 36. hxg5 Bf5 37. Kf2 Kg8 38. Bf3 1-0

[Event "1.a HSL 19"]
[Site "Mali Losinj"]
[Date "2019.09.28"]
[Round "1.31"]
[White "Indjic, Aleksandar"]
[Black "Tomashevsky, Evgeny"]
[Result "1/2-1/2"]
[WhiteElo "2628"]
[BlackElo "2718"]
[PlyCount "65"]
[EventDate "2019.??.??"]
[WhiteTeam "Šk Đakovo Lim-Mont Đakovo"]
[BlackTeam "Šk Liburnija Rijeka"]

1. d4 Nf6 2. c4 e6 3. Nc3 Bb4 4. Qc2 d5 5. a3 Bxc3+ 6. Qxc3 O-O 7. Nf3 dxc4 8.
Qxc4 b6 9. Bg5 Bb7 10. Rd1 Nbd7 11. Ne5 h6 12. Bh4 c5 13. Nxd7 Qxd7 14. Bxf6
gxf6 15. dxc5 Qc7 16. h4 Rfd8 17. Rxd8+ Rxd8 18. Rh3 Rd5 19. Rg3+ Kf8 20. Rc3
Rxc5 21. Qb4 f5 22. Rxc5 Qxc5 23. Qxc5+ bxc5 24. e3 a5 25. Kd2 Ke7 26. Kc3 Kd6
27. Kb3 Kc7 28. g3 Kb6 29. Be2 Bd5+ 30. Kc3 Kc7 31. Bh5 f6 32. Bd1 Kd6 33. Bc2
1/2-1/2

[Event "1.a HSL 19"]
[Site "Mali Losinj"]
[Date "2019.09.28"]
[Round "1.33"]
[White "Biti, Ozren"]
[Black "Markus, Robert"]
[Result "1/2-1/2"]
[WhiteElo "2366"]
[BlackElo "2599"]
[PlyCount "80"]
[EventDate "2019.??.??"]
[WhiteTeam "Šk Đakovo Lim-Mont Đakovo"]
[BlackTeam "Šk Liburnija Rijeka"]

1. e4 c5 2. Nc3 e6 3. Nf3 Nc6 4. Bb5 Nd4 5. Bc4 Nf6 6. O-O Qc7 7. d3 Ng4 8. g3
Nxf3+ 9. Qxf3 Ne5 10. Qd1 a6 11. f4 Nxc4 12. dxc4 b6 13. f5 Bd6 14. Bf4 Bxf4
15. gxf4 Bb7 16. Qh5 O-O-O 17. Qxf7 Rdf8 18. Qe7 exf5 19. e5 Qc6 20. Nd5 Qg6+
21. Qg5 Qxg5+ 22. fxg5 Bxd5 23. cxd5 f4 24. Rae1 Rf5 25. h4 Re8 26. c4 f3 27.
Kh2 Kd8 28. Kg3 Rexe5 29. Rxe5 Rxe5 30. Rxf3 Ke7 31. Rb3 b5 32. cxb5 axb5 33.
Rxb5 Rxd5 34. a4 Rd3+ 35. Kf4 Rd4+ 36. Kg3 Rxa4 37. Rxc5 Rb4 38. Rc8 Rxb2 39.
Rh8 Kf7 40. Rxh7 Kg6 1/2-1/2

[Event "1.a HSL 19"]
[Site "Mali Losinj"]
[Date "2019.09.28"]
[Round "1.34"]
[White "Kuljasevic, Davorin"]
[Black "Ascic, Pero"]
[Result "1-0"]
[WhiteElo "2550"]
[BlackElo "2318"]
[PlyCount "129"]
[EventDate "2019.??.??"]
[WhiteTeam "Šk Liburnija Rijeka"]
[BlackTeam "Šk Đakovo Lim-Mont Đakovo"]

1. d4 d5 2. c4 c6 3. Nf3 Nf6 4. Nc3 e6 5. e3 Nbd7 6. Qc2 Bd6 7. Bd3 O-O 8. O-O
h6 9. b3 b6 10. Bb2 Bb7 11. Rad1 Qc7 12. e4 dxe4 13. Nxe4 Nxe4 14. Bxe4 Rfe8
15. Rfe1 Rad8 16. c5 Be7 17. b4 a5 18. a3 axb4 19. axb4 bxc5 20. dxc5 Bf6 21.
Nd4 Nb8 22. Bf3 Ba6 23. g3 Qc8 24. Ba1 Rd7 25. Nb3 Bxa1 26. Rxd7 Qxd7 27. Rxa1
Rd8 28. Rd1 Qc7 29. Na5 Bb5 30. Rd2 g6 31. h4 h5 32. Qc3 Rxd2 33. Qxd2 Kg7 34.
Kg2 e5 35. Be2 Bxe2 36. Qxe2 Nd7 37. Qa6 Nb8 38. Qd3 Kf6 39. Nc4 Qd7 40. Qf3+
Qf5 41. Qe3 Na6 42. Nd6 Qe6 43. Qf3+ Kg7 44. Qxc6 Nxb4 45. Ne8+ Kf8 46. Qxe6
fxe6 47. Nd6 Ke7 48. Kf3 Na6 49. Nb7 Nb4 50. Ke4 Nc6 51. Nd6 Nb4 52. Nc4 Na6
53. c6 Nc5+ 54. Ke3 e4 55. Kd4 Nd3 56. f3 Nc1 57. Kxe4 Ne2 58. g4 hxg4 59. fxg4
Nc3+ 60. Kf4 Kf6 61. g5+ Ke7 62. Ne5 Nd5+ 63. Ke4 Kd6 64. Nxg6 Kxc6 65. h5 1-0

[Event "1.a HSL 19"]
[Site "Mali Losinj"]
[Date "2019.09.28"]
[Round "1.35"]
[White "Filipovic, Marko"]
[Black "Jovanic, Ognjen"]
[Result "1/2-1/2"]
[WhiteElo "2349"]
[BlackElo "2532"]
[PlyCount "109"]
[EventDate "2019.??.??"]
[WhiteTeam "Šk Đakovo Lim-Mont Đakovo"]
[BlackTeam "Šk Liburnija Rijeka"]

1. d4 d5 2. c4 c6 3. cxd5 cxd5 4. Nf3 Nc6 5. Nc3 Nf6 6. Bf4 a6 7. Rc1 Nh5 8.
Bd2 Nf6 9. Bf4 Nh5 10. Bd2 e6 11. Ne5 Bd7 12. e3 Nf6 13. Bd3 Be7 14. O-O O-O
15. f4 g6 16. g4 Be8 17. g5 Nh5 18. Ne2 f6 19. gxf6 Bxf6 20. Ng3 Ng7 21. Qg4
Rc8 22. Bc3 Be7 23. a3 Nxe5 24. fxe5 Rxf1+ 25. Rxf1 Bb5 26. Bxb5 axb5 27. Qf3
Qf8 28. Qe2 Qe8 29. e4 Qc6 30. exd5 Qxd5 31. Qf3 Qxf3 32. Rxf3 Rd8 33. Ne2 Nf5
34. Rd3 Bg5 35. Ba5 Rc8 36. Rc3 Rc4 37. b3 Rxc3 38. Bxc3 Ne7 39. Kg2 Nd5 40.
Ba5 Be7 41. Nc3 Nxc3 42. Bxc3 Bxa3 43. Kf3 h5 44. Bd2 Be7 45. Ke4 Kf7 46. d5
exd5+ 47. Kxd5 g5 48. h3 g4 49. hxg4 hxg4 50. Be1 Bg5 51. Bg3 Ke7 52. e6 Bf6
53. Bd6+ Ke8 54. Bg3 Ke7 55. Bd6+ 1/2-1/2

[Event "1.a HSL 19"]
[Site "Mali Losinj"]
[Date "2019.09.28"]
[Round "1.36"]
[White "Plenca, Jadranko"]
[Black "Drmic, Tomislav"]
[Result "1/2-1/2"]
[WhiteElo "2469"]
[BlackElo "2224"]
[PlyCount "134"]
[EventDate "2019.??.??"]
[WhiteTeam "Šk Liburnija Rijeka"]
[BlackTeam "Šk Đakovo Lim-Mont Đakovo"]

1. e4 e6 2. d4 d5 3. Nc3 Bb4 4. Nge2 dxe4 5. a3 Bxc3+ 6. Nxc3 Nc6 7. d5 Nce7 8.
Qg4 Kf8 9. dxe6 Nf6 10. Qg3 Bxe6 11. Bg5 Nf5 12. Qe5 Qd4 13. Qxd4 Nxd4 14.
O-O-O Rd8 15. Bxf6 gxf6 16. Nxe4 Kg7 17. Bd3 Rhe8 18. Rhe1 f5 19. Ng3 Kf6 20.
h4 Rd6 21. Nh5+ Kg6 22. Nf4+ Kf6 23. Re3 Red8 24. Rde1 c5 25. Rg3 b5 26. Nh5+
Ke7 27. Rg7 c4 28. Bf1 Rh8 29. Nf4 Kf6 30. Nxe6 Rxe6 31. Rxe6+ Nxe6 32. Rg3 f4
33. Rf3 Ke5 34. g3 Rg8 35. Kd2 Rd8+ 36. Kc3 Rd1 37. Bg2 Nd4 38. gxf4+ Kd6 39.
Re3 a5 40. Re5 Kc7 41. a4 f6 42. Re4 b4+ 43. Kxc4 Nxc2 44. Kb5 Rd2 45. Rc4+ Kd6
46. Be4 b3 47. Kxa5 f5 48. Bb7 Ne1 49. Rc6+ Kd7 50. Kb6 Rxb2 51. Rc1 Nc2 52. a5
Ra2 53. Bd5 Nb4 54. Bg8 Rxf2 55. Kb5 Rxf4 56. Bxb3 Nd3 57. Rc4 Rxc4 58. Bxc4
Ne5 59. Be6+ Kc7 60. Bxf5 Nf3 61. Bxh7 Nd4+ 62. Kc5 Nb3+ 63. Kb4 Nxa5 64. Kxa5
Kd6 65. h5 Ke7 66. h6 Kf6 67. Bf5 Kf7 1/2-1/2

[Event "1.a HSL 19"]
[Site "Mali Losinj"]
[Date "2019.09.28"]
[Round "1.41"]
[White "Grachev, Boris"]
[Black "Kryvoruchko, Yuriy"]
[Result "0-1"]
[WhiteElo "2621"]
[BlackElo "2669"]
[PlyCount "124"]
[EventDate "2019.??.??"]
[WhiteTeam "Šk Rijeka Rijeka"]
[BlackTeam "Šk Zagreb Zagreb"]

1. Nf3 d5 2. d4 Nf6 3. c4 e6 4. Nc3 Be7 5. g3 O-O 6. Bg2 dxc4 7. Ne5 c5 8. dxc5
Qxd1+ 9. Nxd1 Bxc5 10. Ne3 Nc6 11. N3xc4 Nxe5 12. Nxe5 Nd5 13. Bd2 Bd4 14. Nd3
Bd7 15. Bxd5 exd5 16. Rc1 Rfe8 17. Bc3 Bb6 18. Kd2 Bb5 19. e3 Rad8 20. Rhe1 d4
21. exd4 Rxe1 22. Rxe1 Bxd4 23. Bxd4 Rxd4 24. Re3 f6 25. b3 Kf7 26. Kc3 Rd6 27.
a4 Bc6 28. h4 h6 29. Nb4 Bd7 30. Nc2 g5 31. Nd4 gxh4 32. gxh4 Rd5 33. Kc4 Rh5
34. Re4 Re5 35. Rxe5 fxe5 36. Ne2 Ke6 37. Ng3 b6 38. Kc3 Kd5 39. Nh5 Bc8 40.
Nf6+ Ke6 41. Ne4 Bd7 42. Ng3 Kd5 43. Nh5 Bf5 44. Nf6+ Ke6 45. Ne8 Be4 46. Nc7+
Kf5 47. Nb5 Kg4 48. Nxa7 Kxh4 49. Nc8 Kg4 50. Kd2 h5 51. Ke2 Bg2 52. Nxb6 h4
53. Nc4 h3 54. Ne3+ Kf4 55. Nf1 Bd5 56. Nh2 Bxb3 57. a5 Bc4+ 58. Kd2 e4 59. Kc3
Be2 60. Kd4 e3 61. f3 Ba6 62. Kc3 Kg3 0-1

[Event "1.a HSL 19"]
[Site "Mali Losinj"]
[Date "2019.09.28"]
[Round "1.42"]
[White "Malakhov, Vladimir"]
[Black "Bosiocic, Marin"]
[Result "1-0"]
[WhiteElo "2662"]
[BlackElo "2619"]
[PlyCount "121"]
[EventDate "2019.??.??"]
[WhiteTeam "Šk Zagreb Zagreb"]
[BlackTeam "Šk Rijeka Rijeka"]

1. Nf3 d5 2. g3 Bg4 3. Bg2 c6 4. c4 e6 5. cxd5 Bxf3 6. Bxf3 cxd5 7. O-O Nf6 8.
d4 Be7 9. Nc3 Nc6 10. e3 O-O 11. Bd2 Qd7 12. Qe2 Rfc8 13. Rfc1 Ne8 14. Be1 Nd6
15. Bg2 Bd8 16. b3 Ba5 17. Bf1 Qd8 18. a3 Qd7 19. Qd1 Bd8 20. Na4 Be7 21. Rc2
Nd8 22. Nc5 Qe8 23. Rac1 Rc7 24. a4 Rac8 25. Bd3 g6 26. Qe2 Bf8 27. f3 Nc6 28.
b4 Nb8 29. b5 Nd7 30. g4 b6 31. Na6 Rxc2 32. Rxc2 f5 33. h3 Rxc2 34. Qxc2 Qf7
35. f4 h6 36. Nb4 Nf6 37. Nc6 Qg7 38. gxf5 Nxf5 39. Kf2 Ne8 40. Ne5 Ned6 41.
Bb4 Qf6 42. Bxf5 gxf5 43. Bxd6 Bxd6 44. Qc8+ Bf8 45. Nd7 Qh4+ 46. Kg2 Qe7 47.
Nxf8 Qxf8 48. Qxe6+ Qf7 49. Qxh6 Qg7+ 50. Qg5 Kf7 51. h4 Qg6 52. h5 Qe6 53. h6
Qe4+ 54. Kh2 Qc2+ 55. Kh3 Qb1 56. Qg7+ Ke6 57. Qg2 Qd3 58. h7 Qxe3+ 59. Qg3 Qe4
60. Qg6+ Kd7 61. Qg7+ 1-0

[Event "1.a HSL 19"]
[Site "Mali Losinj"]
[Date "2019.09.28"]
[Round "1.43"]
[White "Popov, Ivan"]
[Black "Stevic, Hrvoje"]
[Result "1-0"]
[WhiteElo "2604"]
[BlackElo "2570"]
[PlyCount "65"]
[EventDate "2019.??.??"]
[WhiteTeam "Šk Rijeka Rijeka"]
[BlackTeam "Šk Zagreb Zagreb"]

1. e4 e5 2. Nf3 Nc6 3. Bc4 Nf6 4. d3 Be7 5. O-O O-O 6. a4 d5 7. exd5 Nxd5 8. h3
Kh8 9. Re1 f6 10. a5 a6 11. d4 exd4 12. c3 b5 13. axb6 Nxb6 14. Nxd4 Nxd4 15.
Qxd4 Qxd4 16. cxd4 Bb4 17. Bd2 c5 18. dxc5 Bxc5 19. Bf1 Bb7 20. Nc3 Rfd8 21.
Be3 Bxe3 22. Rxe3 a5 23. Re7 Bc6 24. Re6 Rdc8 25. Rd1 a4 26. Ba6 Rxa6 27. Rxc6
Rca8 28. Nb5 h6 29. Rdd6 Rb8 30. Na3 Kg8 31. g4 Kf7 32. f4 Nc8 33. Rc7+ 1-0

[Event "1.a HSL 19"]
[Site "Mali Losinj"]
[Date "2019.09.28"]
[Round "1.44"]
[White "Kozul, Zdenko"]
[Black "Tica, Sven"]
[Result "1/2-1/2"]
[WhiteElo "2569"]
[BlackElo "2419"]
[PlyCount "127"]
[EventDate "2019.??.??"]
[WhiteTeam "Šk Zagreb Zagreb"]
[BlackTeam "Šk Rijeka Rijeka"]

1. d4 d5 2. c4 e6 3. Nf3 Be7 4. Nc3 Nf6 5. Bf4 O-O 6. e3 Nbd7 7. Qc2 c6 8. cxd5
exd5 9. Bd3 Re8 10. h3 Nf8 11. O-O-O Bd6 12. Bxd6 Qxd6 13. Kb1 Ng6 14. g4 Bd7
15. g5 Nh5 16. Ka1 b5 17. Rc1 Nf8 18. Nb1 g6 19. Nbd2 f6 20. h4 a5 21. Nb3 a4
22. Nc5 Bg4 23. Ne1 Qe7 24. Rg1 Bh3 25. a3 Ng7 26. Qc3 Nd7 27. Nxd7 Bxd7 28.
Nc2 Rac8 29. Nb4 fxg5 30. hxg5 Ne6 31. f4 Ng7 32. Rge1 Qd6 33. Bb1 Nf5 34. Bxf5
Bxf5 35. Qc5 Qxc5 36. Rxc5 Bd7 37. Kb1 Kf7 38. Kc1 Ke7 39. Rh1 Kd6 40. Kd2 Re7
41. Rhc1 Ree8 42. Nd3 Rc7 43. Rh1 Bf5 44. Ne5 Rec8 45. Kc3 Be4 46. Rh2 Bf5 47.
Kb4 Be6 48. Rhc2 Bf5 49. Rc1 Be6 50. Kc3 Bf5 51. Kd2 Be6 52. Ke2 Bf5 53. Kf3
Be4+ 54. Kg3 Bf5 55. R5c3 Be6 56. Rc5 Bf5 57. Kf2 Be6 58. Ke2 Bf5 59. Kd2 Be6
60. Kc3 Bf5 61. Kb4 Be6 62. R5c2 Bf5 63. Rh2 Ra7 64. Rc5 1/2-1/2

[Event "1.a HSL 19"]
[Site "Mali Losinj"]
[Date "2019.09.28"]
[Round "1.46"]
[White "Zelcic, Robert"]
[Black "Petrov, Jole"]
[Result "1-0"]
[WhiteElo "2503"]
[BlackElo "2418"]
[PlyCount "67"]
[EventDate "2019.??.??"]
[WhiteTeam "Šk Zagreb Zagreb"]
[BlackTeam "Šk Rijeka Rijeka"]

1. e4 e5 2. Nf3 Nc6 3. Bc4 Bc5 4. b4 Bb6 5. a4 a6 6. Nc3 d6 7. Nd5 Ba7 8. d3
Bg4 9. c3 Nge7 10. Bg5 f6 11. Bxf6 Qd7 12. Nxe7 gxf6 13. Nd5 Rf8 14. h3 Bh5 15.
g4 Bg6 16. Nh4 Nd8 17. Qf3 Qg7 18. Nf5 Bxf5 19. gxf5 c6 20. Ne3 Qh6 21. Ke2 Nf7
22. h4 Ke7 23. Ng4 Qg7 24. Rhg1 Qh8 25. Rg3 h5 26. Ne3 Rg8 27. Rag1 Rxg3 28.
Qxg3 Rf8 29. Qg7 Qh6 30. Qxh6 Nxh6 31. Rg7+ Nf7 32. Be6 b5 33. axb5 axb5 34.
Nf1 1-0

[Event "1.a HSL 19"]
[Site "Mali Losinj"]
[Date "2019.09.28"]
[Round "1.51"]
[White "Ponkratov, Pavel"]
[Black "Saric, Ibro"]
[Result "1-0"]
[WhiteElo "2644"]
[BlackElo "2564"]
[PlyCount "97"]
[EventDate "2019.??.??"]
[WhiteTeam "Gšk Solin-Cemex Solin"]
[BlackTeam "Šk Mornar Split"]

1. d4 d5 2. c4 e6 3. Nf3 a6 4. Bg5 Be7 5. Bxe7 Qxe7 6. Nbd2 Nf6 7. Rc1 O-O 8.
g3 c6 9. Bg2 Nbd7 10. O-O e5 11. cxd5 cxd5 12. dxe5 Nxe5 13. Nd4 Bg4 14. h3 Bd7
15. Qb3 b5 16. Qc3 Rfc8 17. Qa5 Qd6 18. Rfd1 Rab8 19. b3 h5 20. Rxc8+ Rxc8 21.
Nf1 Ng6 22. h4 Ng4 23. Qd2 Ne7 24. Ne3 Nxe3 25. Qxe3 b4 26. Bf3 g6 27. Qg5 Kg7
28. Qd2 Qc5 29. e3 Qc3 30. Qe2 a5 31. Qa6 Qc5 32. Kg2 Rc7 33. Rd2 Bc8 34. Qe2
Qb6 35. Qd1 Qf6 36. a3 bxa3 37. Ra2 Rc5 38. Rxa3 Qb6 39. Ne2 Kg8 40. Ra2 Rb5
41. Nd4 Rc5 42. Rc2 Bd7 43. Qc1 Rxc2 44. Qxc2 Qd6 45. Qc3 Qb6 46. Ne2 Be6 47.
Nd4 Bd7 48. Kh2 a4 49. bxa4 1-0

[Event "1.a HSL 19"]
[Site "Mali Losinj"]
[Date "2019.09.28"]
[Round "1.52"]
[White "Saric, Ante"]
[Black "Martinovic, Sasa"]
[Result "1/2-1/2"]
[WhiteElo "2559"]
[BlackElo "2539"]
[PlyCount "55"]
[EventDate "2019.??.??"]
[WhiteTeam "Šk Mornar Split"]
[BlackTeam "Gšk Solin-Cemex Solin"]

1. d4 Nf6 2. Nf3 d5 3. c4 e6 4. Nc3 dxc4 5. e4 Bb4 6. Bg5 c5 7. Bxc4 cxd4 8.
Nxd4 Qa5 9. Bd2 Qc5 10. Bb5+ Bd7 11. Nb3 Qe7 12. Bd3 Nc6 13. O-O O-O 14. a3 Bd6
15. f4 e5 16. Nd5 Nxd5 17. exd5 Nd4 18. Nxd4 exd4 19. Qh5 g6 20. Qf3 f5 21. Be1
Qe3+ 22. Qxe3 dxe3 23. Bb4 Bxb4 24. axb4 Rfd8 25. Rfe1 Be6 26. Rxe3 Bxd5 27. b5
Kf7 28. Kf2 1/2-1/2

[Event "1.a HSL 19"]
[Site "Mali Losinj"]
[Date "2019.09.28"]
[Round "1.53"]
[White "Cvitan, Ognjen"]
[Black "Galyas, Miklos"]
[Result "1/2-1/2"]
[WhiteElo "2489"]
[BlackElo "2474"]
[PlyCount "29"]
[EventDate "2019.??.??"]
[WhiteTeam "Gšk Solin-Cemex Solin"]
[BlackTeam "Šk Mornar Split"]

1. d4 d5 2. c4 c6 3. Nf3 Nf6 4. Nc3 a6 5. cxd5 cxd5 6. Bf4 Nc6 7. Rc1 Nh5 8.
Bd2 Nf6 9. e3 Bg4 10. Be2 e6 11. O-O Bd6 12. a3 O-O 13. Na4 Ne4 14. Nc5 Qe7 15.
Nd3 1/2-1/2